000 04745cam a22013814i 4500
003 PE-LiUPU
005 20250813185615.0
008 150706s2010 pe a r 000 0 d
020 _a9789972472084
035 _a(Sirsi) i9789972472084
040 _aPE-LiUPU
_bspa
_cPE-LiUPU
_erda
049 _aPRUA
082 0 4 _a333.7585152
_bG 2010
082 0 4 _a333.7585152
_bLl737 2010
100 1 _aLlerena, Carlos,
_eautor.
245 0 1 _aGestión ambiental de un ecosistema frágil :
_blos bosques nublados de San Ignacio, Cajamarca, cuenca del río Chinchipe /
_c Carlos Llerena ; et al.
264 1 _aLima :
_bSoluciones Prácticas,
_c2010.
300 _a133 páginas :
_bilustraciones ;
_c30 centimetros
336 _atext
_2rdacontent
337 _aunmediated
_2rdamedia
338 _avolume
_2rdacarrier
504 _aIncluye bibliografía.
505 0 _aEl contexto binacional de la experiencia -- Caracterización geográfica de la provincia de San Ignacio -- Antecedentes históricos del manejo de recursos forestales en San Ignacio -- Metodología de trabajo -- Procesos y dinámicas -- Propuesta de gestión ambiental Sostenibilidad -- Replicabilidad -- Lecciones aprendidas y tareas pendientes.
526 _aP202
526 _aP201
526 _aP163
526 _aP162
526 _aP161
526 _aP160
526 _aP148
526 _aP147
526 _aP146
526 _aP145
526 _aP144
526 _aP143
526 _aP142
526 _aP141
526 _aP140
526 _aP139
526 _aP138
526 _aP137
526 _aP136
526 _aP135
526 _aP134
526 _aP133
526 _aP129
526 _aP128
526 _aP127
526 _aP120
526 _aP119
526 _aP118
526 _aP116
526 _aP115
526 _aP114
526 _aP110
526 _aP109
526 _aP108
526 _aP104
526 _aP103
526 _aP102
526 _aP99
526 _aP98
526 _aP97
526 _aP96
526 _aP95
526 _aP93
526 _aP90
526 _aP89
526 _aP88
526 _aP83
526 _aP82
526 _aP62
526 _aP59
526 _aP58
526 _aP57
526 _aP51
526 _aP49
526 _aP48
526 _aP47
526 _aP29
526 _aP24
526 _aP20
526 _aP19
526 _aP17
526 _aP15
526 _aP14
526 _aP12
526 _aP10
526 _aP09
526 _aP08
526 _aP07
526 _aP06
526 _aP05
526 _aP04
526 _aP01
541 _g015-0014331;
541 _g015-0014331;
541 _g001-0036246;
541 _FAmbiental;
650 0 4 _aAnálisis del impacto ambiental
_zPerú - Cajamarca.
650 0 4 _aMedio ambiente
_zPerú - Cajamarca.
650 0 4 _aProtección del medio ambiente
_zPerú - Cajamarca.
700 1 _aLlerena Carlos . [et al.],
_eaut.
700 1 _aSalas, Francis,
_ecoord.
700 1 _aElliot, Jorge,
_eed.
910 _agl
_bjv
_cng
_d20121009
942 _2ddc
_cBOOK
949 _a333.7585152 G
_wDEWEY
_c1
_i65514
_lCCODEBUL1
_mBUL
_p12.00
_r0
_sY
_tBOOK
_u2015-7-6
_xINGENIERIA
_PP24
_o.STAFF. Colección General
949 _a333.7585152 G
_wDEWEY
_c2
_i65515
_lCCODEBUL1
_mBUL
_p12.00
_r0
_sY
_tBOOK
_u2015-7-6
_xINGENIERIA
_PP24
_o.STAFF. Colección General
949 _a333.7585152 G
_wDEWEY
_c3
_i65645
_lCCODEBUL1
_mBUL
_p12.00
_r0
_sY
_tBOOK
_u2015-7-6
_xINGENIERIA
_PP24
_o.STAFF. Colección General
949 _a333.7585152 G 2010
_wDEWEY
_c1
_iFJ04055
_lCCODEBUJ1
_mBUJ
_p15.30
_r0
_sY
_tBOOK
_u2016-11-10
_xINGENIERIA
_PP24
_0COMPRA
_o.STAFF. Colección General Juliaca
994 _aC0
_bPEPRU
596 _a1 3
999 _a333.7585152 G
_wDEWEY
_c53999
_i65514
_d53999
_e2018-11-18
_f2021-11-9
_g7
_lCCODEBUL1
_mBUL
_n1
_p12.00
_q2
_r0
_sY
_tBOOK
_u2015-7-6
_xINGENIERIA
_PP24
_0COMPRA
_o.STAFF. Colección General
999 _a333.7585152 G
_wDEWEY
_c2
_i65515
_d2017-2-11
_f2021-11-9
_g7
_lCCODEBUL1
_mBUL
_p12.00
_q1
_r0
_sY
_tBOOK
_u2015-7-6
_xINGENIERIA
_PP24
_0COMPRA
_o.STAFF. Colección General
999 _a333.7585152 G
_wDEWEY
_c3
_i65645
_d2017-2-11
_f2021-11-9
_g7
_lCCODEBUL1
_mBUL
_p12.00
_q1
_r0
_sY
_tBOOK
_u2015-7-6
_xINGENIERIA
_PP24
_0COMPRA
_o.STAFF. Colección General
999 _a333.7585152 G 2010
_wDEWEY
_c1
_iFJ04055
_f2022-1-18
_g4
_lCCODEBUJ1
_mBUJ
_p12.00
_r0
_sY
_tBOOK
_u2015-10-9
_xINGENIERIA
_PP24
_0COMPRA
_o.STAFF. Colección General Juliaca
980 _81
_gALBERTO SANCHEZ Responsable de Automatización